000 01032cam a2200325ua 4500
003 CO-BoRNBP
005 20241011100710.0
007 ta
008 030706s2003 ck r 00011 spa d
020 _a9580474826
040 _aCO-BoBLA
_bspa
_cCO-BoBLA
041 0 _aspa
043 _an-us---
_aa-ii---
084 _aN BAN
100 1 _aDivakaruni, Chitra Banerjee,
_d1956-
_942942
245 1 0 _aHermana de mi corazón /
_cChitra Banerjee Divakaruni.
250 _a1a. edición
300 _a390 p. ;
_c21 cm.
336 _2rdacontent
_atexto
_btxt
337 _2rdamedia
_asin mediación
_bn
338 _2rdacarrier
_avolumen
_bnc
490 _aLa otra orilla
650 7 _aNovela estadounidense.
_2BLAAUTO
_9761
650 7 _aNovela amorosa.
_2BLAAUTO
_92079
650 7 _aFamilia
_xNovela .
_2BLAAUTO
_942943
650 7 _aMujeres
_x Condiciones sociales
_z Calcuta (India)
_v Novela.
_2BLAAUTO
_942944
830 0 _aCatalogación en la publicación-Editorial Norma
_942945
942 _2ddc
_cBKLIT
949 _an
_bn
999 _c38432
_d38432